| 000 | 00999nam a2200289 a 4500 | ||
|---|---|---|---|
| 003 | DO-SdBNP | ||
| 005 | 20240301073829.0 | ||
| 007 | ta | ||
| 008 | 210715e2017 dr ||||gr|||| 00| p spa d | ||
| 040 |
_aDO-SdBNP _bspa _cBNPHU |
||
| 041 | _hspa | ||
| 082 | 4 |
_aRD861.44 _bP745i, 2017 _222 |
|
| 245 | 0 | 0 |
_aPoesías inéditas de un aspirante a poeta / _cL. Almanzor González Canahuate ... [et al.], prólogo, Tony Raful |
| 250 | _a2a. ed. | ||
| 260 |
_aSanto Domingo : _bCentenario, _c2017 |
||
| 300 |
_a121 p. ; _c22 cm |
||
| 590 | _aInventariado 2021 / MF | ||
| 650 | 4 |
_980898 _aPoesía dominicana _xCrítica e interpretación |
|
| 650 | 4 |
_978158 _aLiteratura dominicana |
|
| 700 | 1 |
_942280 _aGónzalez Canahuate, L. Almanzor |
|
| 700 |
_aHernández Rueda, Lupo, _d1930-2017 _923790 |
||
| 700 | 1 |
_922834 _aRueda, Manuel, _d1921-1999 |
|
| 700 | 1 |
_aRaful, Tony, _d1951- _epról. _91377 |
|
| 700 | 1 |
_aPerce, Saint- John _979256 |
|
| 910 | _aMFeliz/Validado. Control de calidad MFF | ||
| 942 |
_2ddc _cLBS1 |
||
| 999 |
_c50121 _d50121 |
||